书目信息 |
| 题名: |
现代国外经济学论文选
|
|
| 作者: | ;外国经济学说研究会 编 | |
| 分册: | 第三辑 | |
| 出版信息: | 北京 商务印书馆 1987 |
|
| 页数: | 256页 | |
| 开本: | 20cm | |
| 丛书名: | ||
| 单 册: | ||
| 中图分类: | F091.3-53 | |
| 科图分类: | ||
| 主题词: | 经济学--外国--文集 | |
| 电子资源: | ||
| ISBN: | ||
| 000 | 00679nam0 2200229 45 | |
| 001 | 0187001151 | |
| 005 | 20060819173814.28 | |
| 010 | @dCNY1.05 | |
| 091 | @aCN@b4017·368 | |
| 100 | @a19900808d1987 kemy0chiy0121 ea | |
| 101 | 0 | @achi |
| 102 | @aCN@b110000 | |
| 105 | @ay z 000yy | |
| 200 | 10 | @a现代国外经济学论文选@Axian dai guo wai jing ji xue lun wen xuan@h第三辑@f外国经济学说研究会编 |
| 210 | @a北京@c商务印书馆@d1987 | |
| 215 | @a256页@d20cm | |
| 606 | @a经济学@y外国@x文集 | |
| 690 | @aF091.3-53@v3 | |
| 711 | 02 | @a外国经济学说研究会@Awai guo jing ji xue shuo yan jiu hui@4编 |
| 801 | 2 | @aCN@bNLC@c20060819 |
| 801 | 0 | @aCN@bTSSF |
| 905 | @a10447@dF091.3-53@e44:3 | |
| 现代国外经济学论文选.第三辑/外国经济学说研究会编.-北京:商务印书馆,1987 |
| 256页;20cm |
| ISBN :CNY1.05 |
| ● |
| 相关链接 |
|
|
|
|
正题名:现代国外经济学论文选
索取号:F091.3-53/44:3
 
预约/预借
| 序号 | 登录号 | 条形码 | 馆藏地/架位号 | 状态 | 备注 |
| 1 | 0471197 | 204711972 | 密集书库/ [索取号:F091.3-53/44:3] | 在馆 |